| 000 | 00907nam a22002531u 4500 | ||
|---|---|---|---|
| 001 | 04750 | ||
| 003 | HDC | ||
| 007 | cr bn ---aaaaa | ||
| 008 | 210117p2007 fo d 00 engg | ||
| 040 | _aHDC | ||
| 100 |
_aNorhaziah Nawai _eauthor _94965 |
||
| 245 | 0 |
_a An Exploratory Study on Halal Branding Among Consumers In Malaysia : Factor Analysis Technique / by _cNorhaziah Nawai |
|
| 260 |
_a[no place] : _b [publisher not identified] , _c2007 |
||
| 300 | _a 1 online resource (25 pages) | ||
| 336 |
_atext _2rdacontent |
||
| 337 |
_acomputer _2rdamedia |
||
| 338 |
_aonline resource _2rdacarrier |
||
| 650 |
_afood product _92283 |
||
| 650 |
_ahalal branding _964 |
||
| 856 | _zRequest full-text at [email protected] | ||
| 942 | _2lcc | ||
| 942 | _cAR | ||
| 942 | _kJART 001214 | ||
| 999 |
_c2075 _d2075 |
||